| 000 | 00857nam a2200241 i 4500 | ||
|---|---|---|---|
| 001 | 54388 | ||
| 003 | ES-MaACL | ||
| 005 | 20251005063043.0 | ||
| 007 | t| | ||
| 008 | 960719s1855 xxk |||| | eng d | ||
| 040 |
_aCAM _bspa _cCAM |
||
| 100 | 1 |
_aFord, Richard, _d1796-1858 _9138801 |
|
| 245 | 1 | 2 |
_aA handbook for travellers in Spain / _cby Richard Ford. |
| 250 | _a3rd. ed. entirery rev. | ||
| 260 |
_aLondon : _bJohn Murray, _c1855 ( _fWilliam Clowes and Sons) |
||
| 300 |
_a2 v. (995 p.) ; _c18 cm. |
||
| 530 | _aDisponible en formato digital. | ||
| 651 | 4 |
_aEspaña- _xDescripción- _yS.XIX. _98185 |
|
| 651 | 4 |
_aEspaña- _xUsos y costumbres- _yS.XIX. _98521 |
|
| 852 |
_aES-MaACL _jR-1274-75 _x Olim: G-13283-84 |
||
| 856 |
_uhttp://bdh-rd.bne.es/viewer.vm?id=0000000976&page=1 _zBiblioteca Digital Hispánica |
||
| 999 |
_c54388 _d54388 |
||